University Home | Library Home | Institutional Repository

The Encyclopedia Americana : (Record no. 170733)

MARC details
000 -LEADER
fixed length control field 01325cam4a220037300 4500
001 - CONTROL NUMBER
control field qce01275350
005 - DATE AND TIME OF LATEST TRANSACTION
control field 20190826200544.0
008 - FIXED-LENGTH DATA ELEMENTS--GENERAL INFORMATION
fixed length control field 770415s1961 nyuabc e 000 0deng
010 ## - LIBRARY OF CONGRESS CONTROL NUMBER
LC control number 61006565
035 ## - SYSTEM CONTROL NUMBER
System control number (Sirsi) r63238
035 ## - SYSTEM CONTROL NUMBER
System control number (QCAT)lss01556551
035 ## - SYSTEM CONTROL NUMBER
System control number (UPRA)qce01275350
040 ## - CATALOGING SOURCE
Modifying agency UPRA
050 ## - LIBRARY OF CONGRESS CALL NUMBER
Classification number AE5
Item number ENC 1961
082 ## - DEWEY DECIMAL CLASSIFICATION NUMBER
Classification number 031
245 04 - TITLE STATEMENT
Title The Encyclopedia Americana :
Remainder of title the international reference work.
250 ## - EDITION STATEMENT
Edition statement [1961 ed.].
260 ## - PUBLICATION, DISTRIBUTION, ETC.
Place of publication, distribution, etc. New York :
Name of publisher, distributor, etc. Americana Corp.,
Date of publication, distribution, etc. [1961]
350 ## - PRICE (NR) (BK AM CF MU VM SE) [OBSOLETE]
-- 0.00
504 ## - BIBLIOGRAPHY, ETC. NOTE
Bibliography, etc. note Includes bibliographies.
650 #0 - SUBJECT ADDED ENTRY--TOPICAL TERM
Topical term or geographic name entry element Encyclopedias and dictionaries.
Linkage S750.1
740 0# - ADDED ENTRY--UNCONTROLLED RELATED/ANALYTICAL TITLE
Uncontrolled related/analytical title Americana.
949 ## - LOCAL PROCESSING INFORMATION (OCLC)
a AE5
v VOL. 1
w lcc
i -83706
m MAIN
t BOOK
l ON-SHELF
949 ## - LOCAL PROCESSING INFORMATION (OCLC)
a AE5
v VOL.
w lcc
i -83707
m MAIN
p 5000
t REFRENCE
l REFERENCE
949 ## - LOCAL PROCESSING INFORMATION (OCLC)
a AE5
v VOL. 2
w lcc
i -83708
m MAIN
t BOOK
l ON-SHELF
949 ## - LOCAL PROCESSING INFORMATION (OCLC)
a AE5
v VOL. 3
w lcc
i -83709
m MAIN
t BOOK
l ON-SHELF
949 ## - LOCAL PROCESSING INFORMATION (OCLC)
a AE5
v VOL. 4
w lcc
i -83710
m MAIN
t BOOK
l ON-SHELF
949 ## - LOCAL PROCESSING INFORMATION (OCLC)
a AE5
v VOL. 5
w lcc
i -83711
m MAIN
t BOOK
l ON-SHELF
949 ## - LOCAL PROCESSING INFORMATION (OCLC)
a AE5
v VOL. 6
w lcc
i -83712
m MAIN
t BOOK
l ON-SHELF
949 ## - LOCAL PROCESSING INFORMATION (OCLC)
a AE5
v VOL. 7
w lcc
i -83713
m MAIN
t BOOK
l ON-SHELF
949 ## - LOCAL PROCESSING INFORMATION (OCLC)
a AE5
v VOL. 8
w lcc
i -83714
m MAIN
t BOOK
l ON-SHELF
949 ## - LOCAL PROCESSING INFORMATION (OCLC)
a AE5
v VOL. 9
w lcc
i -83715
m MAIN
t BOOK
l ON-SHELF

No items available.

© 2026 - The University of Zambia Library - Koha v25.11